Alle Fussball-Weltmeister der Herren jemals - Statistiken

Allgemein
  • Dieses Quiz wurde 334 mal gespielt
  • Das Durchschnittsergebnis liegt bei 8 aus 8
Antwortstatistiken
Wann das Team Weltmeister war Nation % Korrekt
1954, 1974, 1990, 2014 Deutschland
99%
1958, 1962, 1970, 1994, 2002 Brasilien
98%
1998, 2018 Frankreich
98%
1934, 1938, 1982, 2006 Italien
98%
2010 Spanien
98%
1978, 1986, 2022 Argentinien
97%
1930, 1950 Uruguay
92%
1966 England
86%
Keine übereinstimmenden Quizze gefunden
Verteilung der Resultate
Anzahl Personen mit jedem Resultat
Perzentil nach korrekt beantworteten Fragen
Ihre Resultats-Entwicklung
Sie haben dieses Quiz noch nicht gespielt